Sports Quiz

Random Sports or Soccer Quiz

Premier League Clubs Quiz Stats

 Plays Quiz Updated Sep 14, 2020

     
Support Sporcle.
Go Orange.
Score 0/20 Timer 06:00
24 Plays Today
In Top Flight Since Club % Correct
1975Manchester United
98.3%
1919Arsenal
96.5%
2002Manchester City
96.2%
1989Chelsea
95.7%
1962Liverpool
94.7%
1978Tottenham Hotspur
88.8%
1954Everton
87%
2019Aston Villa
86.6%
2018Wolverhampton Wanderers
85.2%
2012West Ham United
84.9%
In Top Flight Since Club % Correct
2021Brentford
82.9%
2017Brighton & Hove Albion
81.9%
2014Leicester City
81.1%
2017Newcastle United
80.3%
2021Norwich City
79.2%
2020Leeds United
78.5%
2012Southampton
76.6%
2013Crystal Palace
75.1%
2021Watford
75%
2016Burnley
62.1%

From the Vault

Famous Naturalized Citizens of the US

by jonesjeffum

You might be surprised at who has become an American citizen.
Remove Ads.
Support Sporcle.
Get the best of Sporcle when you Go Orange. This ad-free experience offers more features, more stats, and more fun while also helping to support Sporcle. Thank you for becoming a member.

Show Comments

Extras

Top Quizzes Today


Score Distribution

Your Account Isn't Verified!

In order to create a playlist on Sporcle, you need to verify the email address you used during registration. Go to your Sporcle Settings to finish the process.

Report this User

Report this user for behavior that violates our Community Guidelines.

Details: